[Event "ch-USA 2023"]
[Site "Saint Louis USA"]
[Date "2023.10.17"]
[Round "11.2"]
[White "Dominguez Perez, Leinier"]
[Black "Niemann, Hans Moke"]
[Result "1/2-1/2"]
[WhiteTitle "GM"]
[BlackTitle "GM"]
[WhiteElo "2745"]
[BlackElo "2667"]
[WhiteFideId "3503240"]
[BlackFideId "2093596"]
[EventDate "2023.10.05"]

1. e4 e5 2. Nf3 Nc6 3. Bb5 a6 4. Ba4 Nf6 5. O-O Be7 6. Re1 b5 7. Bb3 O-O 8. a4
Bb7 9. d3 d6 10. c3 Na5 11. Ba2 c5 12. Na3 Qd7 13. axb5 axb5 14. Bg5 h6 15. Bxf6
Bxf6 16. Nc2 Nc6 17. Bd5 Rxa1 18. Qxa1 Ra8 19. Qd1 Ne7 20. Bxb7 Qxb7 21. Ne3 g6
22. h4 h5 23. Qb3 Kg7 24. g3 Qa6 25. Rb1 Qc6 26. c4 b4 27. Qd1 Qa4 28. b3 Qa7
29. Nc2 Nc6 30. Ra1 Qb7 31. Kf1 Kg8 32. Qb1 Ra6 33. Rxa6 Qxa6 34. Ne3 Bg7 35.
Ne1 Bh6 36. N1c2 Kg7 37. Nd5 Qc8 38. Kg2 Qg4 39. Qe1 Na5 40. Nce3 Bxe3 41. Nxe3
Qd7 42. Qb1 Nc6 43. Qa2 Qa7 44. Qxa7 Nxa7 45. f3 Nc6 46. Nc2 Na5 47. Na1 f6 48.
Kh2 Nc6 49. Nc2 Nd8 50. Kg2 Ne6 51. Kf2 Kf7 52. Kg2 Kg7 53. Kf2 f5 54. Kg2 Kf7
55. Kh3 fxe4 56. dxe4 g5 57. Kg2 Kg6 58. Kf2 Kf6 59. Kf1 Nd8 60. Ne3 Nc6 61. Nc2
Ne7 62. Ne3 Nc6 63. Nc2 Ne7 64. Ne3 gxh4 65. gxh4 Nc6 66. Nc2 Nd8 67. Kf2 Ne6
68. Kf1 Ke7 69. Kf2 Kd7 70. Kf1 Kc6 71. Kf2 Kb6 72. Kf1 Ka5 73. Kf2 Nf4 74. Ne1
Kb6 75. Kf1 Kc6 76. Kf2 Kd7 77. Kf1 Ke7 78. Kf2 Kf6 79. Kf1 Ng6 80. Ng2 Ne7 81.
Ne3 Nc6 82. Nc2 Na5 83. Na1 Ke7 84. Kf2 Kd7 85. Kf1 Kc6 86. Kf2 Kb6 87. Kf1 Nc6
88. Nc2 Nd8 89. Kf2 Ne6 90. Kf1 Nf4 91. Ne1 Ne6 92. Nc2 Nf4 93. Ne1 Ne6 1/2-1/2

[Event "ch-USA 2023"]
[Site "Saint Louis USA"]
[Date "2023.10.17"]
[Round "11.3"]
[White "So, Wesley"]
[Black "Caruana, Fabiano"]
[Result "1/2-1/2"]
[WhiteTitle "GM"]
[BlackTitle "GM"]
[WhiteElo "2753"]
[BlackElo "2786"]
[WhiteFideId "5202213"]
[BlackFideId "2020009"]
[EventDate "2023.10.05"]

1. d4 Nf6 2. c4 e6 3. Nc3 Bb4 4. Qc2 O-O 5. e4 d5 6. e5 Ne4 7. Bd3 c5 8. Nf3
cxd4 9. Nxd4 Nd7 10. Bf4 Qh4 11. g3 Qh5 12. O-O g5 13. cxd5 Nxc3 14. dxe6 gxf4
15. exd7 fxg3 16. hxg3 Bxd7 17. bxc3 Rac8 18. Bf5 Bxc3 19. Bxd7 Bxa1 20. Bxc8
Bxd4 21. Bxb7 Qxe5 22. Kg2 Rb8 23. Rb1 Kg7 24. Bf3 Rxb1 25. Qxb1 h6 26. Qe4 Qxe4
27. Bxe4 Bb6 28. Bc2 Bd4 29. Be4 Bb6 30. Bc2 Bd4 31. Be4 1/2-1/2

[Event "ch-USA 2023"]
[Site "Saint Louis USA"]
[Date "2023.10.17"]
[Round "11.4"]
[White "Mishra, Abhimanyu"]
[Black "Aronian, Levon"]
[Result "1-0"]
[WhiteTitle "GM"]
[BlackTitle "GM"]
[WhiteElo "2592"]
[BlackElo "2742"]
[WhiteFideId "30920019"]
[BlackFideId "13300474"]
[EventDate "2023.10.05"]

1. d4 Nf6 2. c4 g6 3. g3 Bg7 4. Bg2 O-O 5. Nc3 Nc6 6. e3 d6 7. Nge2 e5 8. d5 Ne7
9. b3 Nd7 10. Bb2 f5 11. f4 e4 12. Nd4 Nf6 13. O-O c5 14. dxc6 bxc6 15. Qd2 a6
16. Rfd1 Qc7 17. Nde2 Rd8 18. c5 Ne8 19. Na4 Bxb2 20. Qxb2 Nd5 21. Qc1 Nef6 22.
Nd4 Ng4 23. Nb6 Nxb6 24. cxb6 Qxb6 25. h3 Nf6 26. Qxc6 Qxc6 27. Nxc6 Rd7 28.
Rac1 Bb7 29. Na5 d5 30. Bf1 Kf7 31. b4 Rg8 32. Kf2 g5 33. a3 gxf4 34. gxf4 Rg6
35. Nb3 Rh6 36. Nd4 Rh5 37. Rc5 Ng8 38. Rdc1 Ne7 39. a4 Rh6 40. a5 Kf8 41. b5
axb5 42. Bxb5 Rdd6 43. Rc7 Ba6 44. Bxa6 Rxa6 45. Rb1 1-0

[Event "ch-USA 2023"]
[Site "Saint Louis USA"]
[Date "2023.10.17"]
[Round "11.5"]
[White "Shankland, Sam"]
[Black "Xiong, Jeffery"]
[Result "1/2-1/2"]
[WhiteTitle "GM"]
[BlackTitle "GM"]
[WhiteElo "2698"]
[BlackElo "2693"]
[WhiteFideId "2004887"]
[BlackFideId "2047640"]
[EventDate "2023.10.05"]

1. d4 d5 2. c4 e6 3. Nc3 Nf6 4. cxd5 exd5 5. Bg5 c6 6. e3 Be7 7. Bd3 O-O 8. Nf3
Nbd7 9. h3 Ne4 10. Bf4 Ndf6 11. O-O Bf5 12. Qc2 Nxc3 13. Bxf5 Nce4 14. Ng5 Nxg5
15. Bxg5 g6 16. Bd3 Re8 17. b4 a6 18. Rfc1 Rc8 19. Qb3 Nd7 20. Bxe7 Rxe7 21. Rc3
Nf6 22. a4 Qd6 23. b5 axb5 24. axb5 Rec7 25. bxc6 Rxc6 26. Rxc6 bxc6 27. Ra6 Kg7
28. Qc3 Ng8 29. Bc2 Ne7 30. g3 h5 31. h4 Rb8 32. Ra7 Nc8 33. Ra4 Ne7 34. Kg2 Rb7
35. Ra5 Qb4 36. Rc5 Qxc3 37. Rxc3 Kf6 38. f3 Rb8 39. Kh3 Ra8 40. Bb1 Ra1 41. Rb3
Nf5 42. Bxf5 Kxf5 43. Rc3 Ra6 44. Rc5 f6 45. Rc3 Rb6 46. Rc5 Ra6 47. Rc3 Rb6 48.
Rc5 1/2-1/2

[Event "ch-USA 2023"]
[Site "Saint Louis USA"]
[Date "2023.10.17"]
[Round "11.6"]
[White "Swiercz, Dariusz"]
[Black "Robson, Ray"]
[Result "0-1"]
[WhiteTitle "GM"]
[BlackTitle "GM"]
[WhiteElo "2620"]
[BlackElo "2699"]
[WhiteFideId "1126881"]
[BlackFideId "2023970"]
[EventDate "2023.10.05"]

1. d4 Nf6 2. c4 e6 3. g3 d5 4. Bg2 Bb4+ 5. Bd2 Be7 6. Nf3 O-O 7. O-O Nbd7 8. c5
Ne4 9. Nc3 f5 10. a4 Bf6 11. a5 c6 12. b4 e5 13. dxe5 Nxe5 14. Nxe5 Bxe5 15. Ra3
Nxd2 16. Qxd2 f4 17. b5 a6 18. bxc6 bxc6 19. Na2 Bc7 20. Ra4 Rb8 21. Nc1 Rb5 22.
Nd3 Bxa5 23. Qa2 Bc7 24. gxf4 Kh8 25. e3 a5 26. Rc1 Qe7 27. Qd2 Rf6 28. Ne5 Bxe5
29. fxe5 Rg6 30. Kh1 Qxe5 31. Rxa5 Rh6 32. f4 Qh5 33. h3 Rb8 34. Qd1 Bg4 35. Qb3
Qe8 36. Qxb8 Qxb8 37. Rca1 Qf8 38. Ra8 Bc8 39. f5 Rf6 40. R1a7 Qe8 41. Rc7 Rf8
42. e4 dxe4 43. Rcxc8 Qxc8 44. Rxc8 Rxc8 45. Bxe4 Kg8 46. Kg2 Kf7 47. Kf3 Kf6
48. Kf4 Re8 49. Ke3 Ke5 50. Bxc6 Rc8 51. Be4 Rxc5 52. f6 Rc3+ 53. Kd2 Kxe4 54.
Kxc3 gxf6 55. Kd2 Kf3 0-1